Music Quiz

Random Music or Bands Quiz

Connect the Compound Band Quiz Stats

 Plays Quiz Updated Aug 19, 2016

Score 0/25 Timer 06:00
0 Plays Today
% Correct
Nickel
96.7%
Radio
94.1%
One
89.9%
White
87.9%
Super
87.6%
Cold
87.3%
Sound
86.4%
Slip
86.1%
Lone
84.5%
Baby
79.7%
Ever
76.8%
Heat
76.5%
Sugar
74.5%
% Correct
God
72.9%
Buzz
71.4%
Fog
70.4%
Buck
66.9%
Yellow
66.1%
Dragon
66%
Bad
65.8%
Wolf
65.4%
Life
65.2%
Switch
64.1%
Quarter
53.6%
Fly
50.4%

You're not logged in!

Compare scores with friends on all Sporcle quizzes.
OR
Log In

Sporcle TV

Today on Sporcle TV


Watch our educational content, quiz creation guides, and fun videos on Sporcle TV.

Show Comments

Extras

Top Quizzes Today


Score Distribution

Your Account Isn't Verified!

In order to create a playlist on Sporcle, you need to verify the email address you used during registration. Go to your Sporcle Settings to finish the process.

Report this User

Report this user for behavior that violates our Community Guidelines.

Details: